Statistics for Saudi Arabia World Cup 2022 Squad

Click here to take the quiz!

General Stats

  • This quiz has been taken 2 times
  • The average score is 5 of 26

Answer Stats

PositionClubPlayer% Correct
GKAl-HilalMohammed Al-Owais
100%
MFAl-HilalNasser Al-Dawsari
100%
FWAl-HilalSalem Al-Dawsari
100%
DFAl-HilalYasser Al-Shahrani
100%
FWAl-ShababHattan Bahebri
50%
MFAl-HilalMohamed Kanno
50%
DFAl-NassrAbdulelah Al-Amri
0%
MFAl-HilalAbdulellah Al-Malki
0%
DFAl-NassrAbdullah Madu
0%
MFAl-HilalAbdullah Otayf
0%
FWAl-IttihadAbdulrahman Al-Aboud
0%
DFAl-HilalAli Al-Bulaihi
0%
MFAl-NassrAli Al-Hassan
0%
FWAl-FatehFiras Al-Buraikan
0%
FWAl-AhliHaitham Asiri
0%
DFAl-ShababHassan Al-Tambakti
0%
DFAl-HilalMohammed Al-Breik
0%
GKAl-AhliMohammed Al-Rubaie
0%
MFAl-ShababNawaf Al-Abed
0%
GKAl-NassrNawaf Al-Aqidi
0%
MFAbhaRiyadh Sharahili
0%
FWAl-HilalSaleh Al-Shehri
0%
MFAl-HilalSalman Al-Faraj
0%
MFAl-NassrSami Al-Najei
0%
DFAl-HilalSaud Abdulhamid
0%
DFAl-NassrSultan Al-Ghannam
0%

Score Distribution

Percentile by Number Answered

Percent of People with Each Score

Your Score History

You have not taken this quiz